El desarrollo de la memoria en los niños
Gardado en:
| Autor Principal: | |
|---|---|
| Formato: | Libro |
| Idioma: | Lingua castelá |
| Publicado: |
Ciudad de México
Siglo Veintiuno
1984
|
| Subjects: | |
| Tags: |
Engadir etiqueta
Sen Etiquetas, Sexa o primeiro en etiquetar este rexistro!
|
MARC
| LEADER | 00000nam a2200000 a 4500 | ||
|---|---|---|---|
| 001 | UCW4888 | ||
| 003 | CL-VaPUC | ||
| 008 | 900905e19840000MX |||||||||||||||||spa|d | ||
| 082 | 0 | 4 | |a 155.413 |b KAI |2 21 |
| 100 | 0 | |a Kail, Robert |e author |9 309702 | |
| 245 | 1 | 3 | |a El desarrollo de la memoria en los niños |
| 300 | |a 152 p | ||
| 942 | |c BK | ||
| 945 | |d 19900905 00:00:00 | ||
| 260 | |a Ciudad de México |b Siglo Veintiuno |c 1984 | ||
| 650 | 0 | |a Memoria |9 266549 | |
| 650 | 0 | |a Psicología del niño |9 307305 | |
| 650 | 7 | |a PSICOLOGIA GENETICA |2 CL-VaPUC |9 308771 | |
| 583 | |a last modification |c 20130106 10:56:00 |k Rodrigo Vera | ||
| 999 | |c 218472 |d 218470 | ||
| 952 | |0 0 |1 0 |4 0 |6 155_413000000000000_KAI_1984 |7 0 |8 P |9 208107 |a BIBEDU |b BIBEDU |c BIBEDU_PB |d 2019-11-15 |i 2759799 |o 155.413 KAI 1984 |p 2759799 |r 2024-01-25 |w 2019-11-15 |y BK |k EDU | ||